[Event "TCh-FRA Top 12 2021"]
[Site "Chalons en Champagne FRA"]
[Date "2021.06.27"]
[Round "4.3"]
[Board "8"]
[White "Martsynovskaya, Marina"]
[Black "Hirth, Julien"]
[Result "0-1"]
[WhiteTitle "WIM"]
[WhiteElo "2046"]
[BlackElo "2048"]
[WhiteTeam "C'Chartres Echecs"]
[BlackTeam "Club 608 Paris"]
[WhiteFideId "609218"]
[BlackFideId "636606"]
[EventDate "2021.06.24"]

1. e4 d6 2. d4 Nf6 3. Nc3 e5 4. Nf3 Nbd7 5. Be2 Be7 6. O-O c6 7. Re1 O-O 8. h3
Qc7 9. Bg5 Re8 10. Qd2 b5 11. a3 a6 12. Rad1 Bb7 13. Nh4 exd4 14. Qxd4 c5 15.
Qd2 b4 16. axb4 cxb4 17. Bxf6 Bxf6 18. Nd5 Bxd5 19. exd5 Bxh4 20. Qxb4 Bf6 21.
c3 Nc5 22. Ra1 Re4 23. Bc4 Nd3 0-1

[Event "TCh-FRA Top 12 2021"]
[Site "Chalons en Champagne FRA"]
[Date "2021.06.27"]
[Round "4.4"]
[Board "1"]
[White "Grandelius, Nils"]
[Black "Ragger, Markus"]
[Result "1-0"]
[WhiteTitle "GM"]
[BlackTitle "GM"]
[WhiteElo "2670"]
[BlackElo "2680"]
[WhiteTeam "Echiquier Chalonnais"]
[BlackTeam "Bischwiller"]
[WhiteFideId "1710400"]
[BlackFideId "1610856"]
[EventDate "2021.06.24"]

1. e4 e5 2. Nf3 Nc6 3. Bb5 a6 4. Ba4 Nf6 5. O-O Be7 6. d3 b5 7. Bb3 d6 8. c3 O-O
9. a4 Bd7 10. Bc2 Re8 11. Re1 h6 12. h3 Bf8 13. Be3 d5 14. Nbd2 Be6 15. Nf1 dxe4
16. dxe4 Qxd1 17. Rexd1 b4 18. N1d2 Reb8 19. a5 Bd6 20. c4 Rd8 21. Ba4 Nxa5 22.
c5 Bf8 23. Nxe5 Rxd2 24. Bxd2 Bxc5 25. Nd3 Nxe4 26. Bxb4 Bxb4 27. Nxb4 Rb8 28.
Nxa6 Rxb2 29. Nxc7 Bb3 30. Bxb3 Nxb3 31. Rdb1 Rc2 32. Rxb3 Rxc7 33. Rb8+ Kh7 34.
Rba8 Kg6 35. R8a6+ Nf6 36. Ra7 Rc5 37. Rb7 Ne4 38. Ra6+ f6 39. Raa7 Rc1+ 40. Kh2
Nxf2 41. Rxg7+ Kf5 42. Ra5+ Ke6 43. Ra6+ Kd5 44. Rd7+ Ke5 45. Re7+ Kd5 46. Rxf6
Rh1+ 47. Kg3 Ne4+ 48. Rxe4 Kxe4 49. Rxh6 Kd5 1-0

[Event "TCh-FRA Top 12 2021"]
[Site "Chalons en Champagne FRA"]
[Date "2021.06.27"]
[Round "4.4"]
[Board "2"]
[White "Cheparinov, Ivan"]
[Black "Topalov, Veselin"]
[Result "0-1"]
[WhiteTitle "GM"]
[BlackTitle "GM"]
[WhiteElo "2667"]
[BlackElo "2735"]
[WhiteTeam "Bischwiller"]
[BlackTeam "Echiquier Chalonnais"]
[WhiteFideId "2905540"]
[BlackFideId "2900084"]
[EventDate "2021.06.24"]

1. d4 d5 2. c4 c6 3. Nf3 Nf6 4. Nc3 e6 5. Bg5 h6 6. Bh4 dxc4 7. e4 g5 8. Bg3 b5
9. Be2 Bb7 10. Qc2 Nh5 11. Rd1 Nxg3 12. hxg3 Na6 13. b3 cxb3 14. Qxb3 Bg7 15. e5
g4 16. Nh4 h5 17. O-O Qb6 18. Ng6 Rh6 19. Nf4 O-O-O 20. Ne4 Bf8 21. a4 Nc7 22.
Qe3 Kb8 23. Nc5 Bc8 24. Rc1 Rh8 25. Rfd1 Be7 26. Qe4 a5 27. Rc2 b4 28. Rdc1 Bxc5
29. Rxc5 Bb7 30. f3 Rd7 31. fxg4 hxg4 32. Bxg4 Rhd8 33. Ne2 Na6 34. Rxc6 Bxc6
35. Rxc6 Qa7 36. Qd3 Nc7 37. Rc4 Rc8 38. Nc1 Nd5 39. Rxc8+ Kxc8 40. Nb3 Qb6 41.
Bf3 Kb8 42. Qh7 Nc3 43. Qg8+ Qd8 44. Qg4 Ka7 45. Bc6 Rc7 46. Bf3 Kb6 47. Qf4
Nxa4 48. d5 exd5 49. Qd4+ Rc5 50. Nxc5 Nxc5 51. Bxd5 Qd7 52. g4 b3 53. g5 a4 54.
g6 fxg6 55. e6 Qd6 56. Qb4+ Ka7 57. Bf3 Qxe6 58. Qa5+ Qa6 59. Qc7+ Nb7 0-1

[Event "TCh-FRA Top 12 2021"]
[Site "Chalons en Champagne FRA"]
[Date "2021.06.27"]
[Round "4.4"]
[Board "3"]
[White "Jones, Gawain C B"]
[Black "Fressinet, Laurent"]
[Result "1/2-1/2"]
[WhiteTitle "GM"]
[BlackTitle "GM"]
[WhiteElo "2677"]
[BlackElo "2638"]
[WhiteTeam "Echiquier Chalonnais"]
[BlackTeam "Bischwiller"]
[WhiteFideId "409561"]
[BlackFideId "608742"]
[EventDate "2021.06.24"]

1. e4 e5 2. Nf3 Nc6 3. Bb5 Nf6 4. d3 Bc5 5. c3 O-O 6. O-O d6 7. Re1 a6 8. Bxc6
bxc6 9. Bg5 h6 10. Bh4 Bg4 11. d4 exd4 12. cxd4 Bb6 13. Nc3 g5 14. Bg3 Nh5 15.
Re3 Ng7 16. Qd3 f5 17. exf5 Nxf5 18. Rae1 Qd7 19. Re4 Bxf3 20. gxf3 Qf7 21. Kg2
h5 22. d5 Nd4 23. R1e3 Nf5 24. Re1 Nd4 25. R1e3 Nf5 1/2-1/2

[Event "TCh-FRA Top 12 2021"]
[Site "Chalons en Champagne FRA"]
[Date "2021.06.27"]
[Round "4.4"]
[Board "4"]
[White "Bacrot, Etienne"]
[Black "Edouard, Romain"]
[Result "1-0"]
[WhiteTitle "GM"]
[BlackTitle "GM"]
[WhiteElo "2678"]
[BlackElo "2598"]
[WhiteTeam "Bischwiller"]
[BlackTeam "Echiquier Chalonnais"]
[WhiteFideId "605506"]
[BlackFideId "633429"]
[EventDate "2021.06.24"]

1. e4 e6 2. d4 d5 3. Nc3 Bb4 4. e5 c5 5. a3 Bxc3+ 6. bxc3 Ne7 7. Qg4 cxd4 8.
Qxg7 Rg8 9. Qxh7 Qc7 10. Qd3 Qxe5+ 11. Ne2 dxc3 12. Qxc3 Nbc6 13. Qxe5 Nxe5 14.
h4 Bd7 15. h5 f6 16. Rb1 b6 17. Nd4 Kf7 18. f4 N5c6 19. Nxc6 Bxc6 20. Rg1 Rh8
21. g4 Rag8 22. Kf2 f5 23. Bb2 Rh6 24. Be2 fxg4 25. Bxg4 Ba4 26. Rbc1 Rc8 27.
Be2 Nf5 28. Be5 d4 29. c3 d3 30. Bxd3 Rxh5 31. Rh1 Rxh1 32. Rxh1 Rd8 33. Rh7+
Kg6 34. Rg7+ Kh6 35. Rxa7 Rxd3 36. Rxa4 Ne7 37. Ke2 Rh3 38. Kd2 Kg6 39. Ra6 Nd5
40. c4 Ne3 41. Ra4 Kf5 42. Bc7 Ng2 43. Ra8 Ne3 44. Ra4 Ng2 45. Bxb6 Nxf4 46. Ra8
Rb3 47. c5 Nd5 48. Kc2 Rc3+ 49. Kb2 Ke4 50. Re8 e5 51. Rd8 Rd3 52. Rd6 Rd2+ 53.
Kb3 Rd3+ 54. Ka4 Nxb6+ 55. Rxb6 Rd1 56. Rd6 Rc1 57. Kb5 Kf3 58. Rf6+ Ke3 59. c6
e4 60. Kb6 Rb1+ 61. Kc5 Ra1 62. Rh6 Kd3 63. c7 Rc1+ 64. Kb6 e3 65. Rd6+ Ke4 66.
Rc6 Kd5 1-0

[Event "TCh-FRA Top 12 2021"]
[Site "Chalons en Champagne FRA"]
[Date "2021.06.27"]
[Round "4.4"]
[Board "5"]
[White "Fedorchuk, Sergey A."]
[Black "Naiditsch, Arkadij"]
[Result "0-1"]
[WhiteTitle "GM"]
[BlackTitle "GM"]
[WhiteElo "2616"]
[BlackElo "2649"]
[WhiteTeam "Echiquier Chalonnais"]
[BlackTeam "Bischwiller"]
[WhiteFideId "14102536"]
[BlackFideId "4650891"]
[EventDate "2021.06.24"]

1. e4 e5 2. Nf3 Nc6 3. Bc4 Bc5 4. c3 Nf6 5. d3 d6 6. O-O h6 7. Re1 O-O 8. Nbd2
a5 9. Nf1 Re8 10. Ng3 Bb6 11. h3 Be6 12. Bb5 Bd7 13. Ba4 Ne7 14. Bc2 Ng6 15. d4
a4 16. Be3 Ba5 17. Qd2 b5 18. Rad1 Bb6 19. dxe5 Bxe3 20. Rxe3 dxe5 21. Rd3 Nf8
22. Nf5 Nxe4 23. Qe3 Ng5 24. Nxg5 hxg5 25. Qd2 Qf6 26. Rxd7 Nxd7 27. Qxd7 Red8
28. Qc6 Rxd1+ 29. Bxd1 Rd8 30. Bg4 Qxc6 31. Ne7+ Kf8 32. Nxc6 Rd2 33. c4 Rxb2
34. cxb5 Rxa2 35. Bf3 a3 36. Nxe5 Ra1+ 0-1

[Event "TCh-FRA Top 12 2021"]
[Site "Chalons en Champagne FRA"]
[Date "2021.06.27"]
[Round "4.4"]
[Board "6"]
[White "Maze, Sebastien"]
[Black "Velten, Paul"]
[Result "1-0"]
[WhiteTitle "GM"]
[BlackTitle "GM"]
[WhiteElo "2539"]
[BlackElo "2482"]
[WhiteTeam "Bischwiller"]
[BlackTeam "Echiquier Chalonnais"]
[WhiteFideId "613762"]
[BlackFideId "681091"]
[EventDate "2021.06.24"]

1. e4 e5 2. Nf3 Nf6 3. Nxe5 d6 4. Nf3 Nxe4 5. Nc3 Nf6 6. d4 Be7 7. Bd3 Bg4 8. h3
Bh5 9. g4 Bg6 10. Ne2 c5 11. Nf4 d5 12. O-O O-O 13. dxc5 Bxc5 14. Bxg6 hxg6 15.
g5 Nh5 16. Qxd5 Nxf4 17. Qxc5 Ne6 18. Qc4 Nc6 19. Be3 Rc8 20. Qg4 Qa5 21. Bd2
Qb6 22. Bc3 Ne7 23. Rad1 Nf5 24. h4 Qa6 25. Ne5 Rfd8 26. h5 Nf8 27. hxg6 fxg6
28. Rfe1 Qe6 29. Rxd8 Rxd8 30. Qc4 Qxc4 31. Nxc4 b5 32. Ne5 Nd4 33. Bxd4 Rxd4
34. Kf1 Rf4 35. Nd3 Rc4 36. c3 Rc6 37. Re7 a6 38. f4 Re6 39. Rxe6 Nxe6 40. Ke2
Nc7 41. Kf3 Nd5 42. Ke4 1-0

[Event "TCh-FRA Top 12 2021"]
[Site "Chalons en Champagne FRA"]
[Date "2021.06.27"]
[Round "4.4"]
[Board "7"]
[White "David, Alberto"]
[Black "Bellahcene, Bilel"]
[Result "0-1"]
[WhiteTitle "GM"]
[BlackTitle "GM"]
[WhiteElo "2527"]
[BlackElo "2499"]
[WhiteTeam "Echiquier Chalonnais"]
[BlackTeam "Bischwiller"]
[WhiteFideId "4000013"]
[BlackFideId "696358"]
[EventDate "2021.06.24"]

1. e4 c5 2. Nf3 Nc6 3. Bb5 Nf6 4. Nc3 Nd4 5. e5 Nxb5 6. Nxb5 Nd5 7. c4 Nc7 8.
Nxc7+ Qxc7 9. d4 cxd4 10. Qxd4 b6 11. O-O Bb7 12. Qg4 h5 13. Qf4 Qc6 14. Rd1 Rh6
15. Nh4 e6 16. Qg3 Rh8 17. b3 Qe4 18. h3 Rg8 19. Bg5 Bc6 20. Re1 Qh7 21. Rad1
Rc8 22. Qf4 Bc5 23. Re2 Rf8 24. Kh2 f6 25. exf6 gxf6 26. Bh6 Rh8 27. Qxf6 Be7
28. Rxe6 dxe6 29. Qxe6 Qxh6 30. Qxc8+ Kf7 31. Qc7 Qf6 32. Nf5 Qxf5 33. Qxc6 Rg8
34. Qd5+ Qxd5 35. Rxd5 h4 36. g3 Ke6 37. Kg2 hxg3 38. fxg3 Bd6 39. Rd3 Be5 40.
g4 Rf8 41. Rd5 Rf4 42. Rd8 Bd6 43. Rh8 Bc5 44. Kg3 Rf1 45. Rh6+ Ke5 46. Rh8 Rg1+
47. Kf3 Kf6 48. Rh6+ Kg7 49. Re6 a5 50. Re2 Rf1+ 51. Kg2 Rc1 52. Kg3 Rc3+ 53.
Kh4 Kf6 54. g5+ Kf5 55. Rd2 Re3 56. Rd5+ Kf4 57. Kh5 Rxh3+ 58. Kg6 Ke4 59. Kf7
Rf3+ 60. Kg7 Bd4+ 61. Kh6 Rh3+ 62. Kg6 Rh2 63. Kf7 Rf2+ 64. Ke6 Rxa2 65. g6 Rg2
66. Kf7 Kd3 67. Rd7 Kc3 68. Rd6 Rg4 0-1

[Event "TCh-FRA Top 12 2021"]
[Site "Chalons en Champagne FRA"]
[Date "2021.06.27"]
[Round "4.4"]
[Board "8"]
[White "Sebag, Marie"]
[Black "Alexieva, Silvia"]
[Result "1-0"]
[WhiteTitle "GM"]
[BlackTitle "IM"]
[WhiteElo "2438"]
[BlackElo "2271"]
[WhiteTeam "Bischwiller"]
[BlackTeam "Echiquier Chalonnais"]
[WhiteFideId "617822"]
[BlackFideId "2902265"]
[EventDate "2021.06.24"]

1. e4 c5 2. Nf3 e6 3. c3 d5 4. exd5 Qxd5 5. d4 Nf6 6. Be3 cxd4 7. cxd4 Nc6 8.
Nc3 Qa5 9. Bc4 Be7 10. O-O O-O 11. a3 a6 12. Qe2 Rd8 13. Rfd1 Qh5 14. Ne5 Qxe2
15. Bxe2 Nd5 16. Nxd5 exd5 17. Rac1 Bd7 18. Nxd7 Rxd7 19. Bg4 Rdd8 20. b4 g6 21.
g3 f5 22. Bf3 Rd7 23. h4 Kf7 24. Rd3 Nd8 25. Bf4 Ne6 26. Be5 Bf6 27. a4 Be7 28.
Rb3 Bf6 29. Bxf6 Kxf6 30. Rd3 Rd6 31. a5 Rb8 32. Be2 b6 33. Rd2 bxa5 34. bxa5
Rb4 35. Kg2 Nxd4 36. Rc7 h5 37. Bf1 Ne6 38. Ra7 Ra4 39. Rxa6 Rxa6 40. Bxa6 Rxa5
41. Bc8 Rc5 42. Bd7 Ke7 43. Ba4 Nc7 44. Rb2 Ra5 45. Rb7 Kd6 46. Rb6+ Ke5 47. Bd7
Ra6 48. f4+ Ke4 49. Rxa6 Nxa6 50. Be8 d4 51. Bxg6 Nc5 52. Bxh5 d3 53. Bf3+ Ke3
54. h5 Nd7 55. h6 Nf6 56. Bd1 Kd2 57. Ba4 Ke2 58. Kh3 Kf2 59. Kh4 Nh7 60. Kh5
Kxg3 61. Kg6 Nf8+ 62. Kf7 Nh7 63. Kg7 1-0

[Event "TCh-FRA Top 12 2021"]
[Site "Chalons en Champagne FRA"]
[Date "2021.06.27"]
[Round "4.5"]
[Board "1"]
[White "Alekseenko, Kirill"]
[Black "Kirk, Ezra"]
[Result "1-0"]
[WhiteTitle "GM"]
[BlackTitle "IM"]
[WhiteElo "2699"]
[BlackElo "2447"]
[WhiteTeam "Asnieres Le Grand Echiquier"]
[BlackTeam "Echiquier Agenais"]
[WhiteFideId "4135539"]
[BlackFideId "600067"]
[EventDate "2021.06.24"]

1. e4 c5 2. Nc3 Nc6 3. Bb5 g6 4. Bxc6 bxc6 5. d3 Bg7 6. f4 Nh6 7. Nf3 O-O 8. O-O
d6 9. Qe1 f6 10. h3 e5 11. Bd2 Nf7 12. f5 gxf5 13. exf5 c4 14. Nh4 cxd3 15. cxd3
Ba6 16. Qg3 Ng5 17. Rf2 Rf7 18. Rd1 Rb8 19. b3 Bh6 20. Nf3 Rg7 21. Qh4 Nxf3+ 22.
Rxf3 Bxd2 23. Rxd2 d5 24. Na4 Qd6 25. Qf2 Re8 26. Rc2 e4 27. dxe4 dxe4 28. Re3
Re5 29. Rd2 Rd5 30. Rxd5 cxd5 31. Qd2 Bd3 32. Nb2 d4 33. Re1 Rg3 34. Qc1 Kg7 35.
Nxd3 exd3 36. Re6 d2 37. Qxd2 Qd5 38. Re7+ Kg8 39. Qe2 Qd6 40. Qc4+ Kh8 41. Qc8+ 1-0

[Event "TCh-FRA Top 12 2021"]
[Site "Chalons en Champagne FRA"]
[Date "2021.06.27"]
[Round "4.5"]
[Board "2"]
[White "Favarel, Julien"]
[Black "Oparin, Grigoriy"]
[Result "1/2-1/2"]
[WhiteTitle "FM"]
[BlackTitle "GM"]
[WhiteElo "2338"]
[BlackElo "2654"]
[WhiteTeam "Echiquier Agenais"]
[BlackTeam "Asnieres Le Grand Echiquier"]
[WhiteFideId "633453"]
[BlackFideId "24125890"]
[EventDate "2021.06.24"]

1. e4 c5 2. c3 Nf6 3. e5 Nd5 4. Nf3 Nc6 5. Bc4 Nb6 6. Bb3 d5 7. exd6 Qxd6 8. d4
cxd4 9. O-O Be6 10. Bxe6 Qxe6 11. Nxd4 Nxd4 12. Qxd4 Rd8 13. Qe3 Qc6 14. Nd2 e6
15. Qe4 Be7 16. Qxc6+ bxc6 17. Nf3 f6 18. Nd4 Rd6 19. Re1 Kf7 20. Bf4 e5 21. Nf5
Rd7 22. Nxe7 Rxe7 23. Be3 Na4 24. Re2 Rd8 25. Rc2 Rd3 26. g3 Rb7 27. b3 Nxc3 28.
Rac1 Nd5 29. Rxc6 Nxe3 30. fxe3 Kg6 31. Rc7 Rxc7 32. Rxc7 Rd1+ 33. Kg2 Rd2+ 34.
Kf3 Rxa2 35. h4 h5 36. e4 Ra3 37. Kf2 Kh6 38. Re7 a5 39. Ra7 g5 40. hxg5+ Kxg5
41. Rg7+ Kh6 42. Ra7 Kg6 43. Rb7 Ra1 44. Ra7 Ra2+ 45. Kf3 Ra3 46. Kf2 f5 47.
Ra6+ Kg5 48. Re6 Ra2+ 49. Kf3 fxe4+ 50. Kxe4 Re2+ 51. Kf3 Kf5 52. Rh6 Rb2 53.
Rxh5+ Kf6 54. Ke4 Rxb3 55. Rf5+ Kg6 56. Rxe5 Rxg3 57. Rxa5 Rg5 58. Rxg5+ Kxg5 1/2-1/2

[Event "TCh-FRA Top 12 2021"]
[Site "Chalons en Champagne FRA"]
[Date "2021.06.27"]
[Round "4.5"]
[Board "3"]
[White "Movsesian, Sergei"]
[Black "Le Hetet, Nicolas"]
[Result "1-0"]
[WhiteTitle "GM"]
[BlackTitle "FM"]
[WhiteElo "2647"]
[BlackElo "2393"]
[WhiteTeam "Asnieres Le Grand Echiquier"]
[BlackTeam "Echiquier Agenais"]
[WhiteFideId "310204"]
[BlackFideId "634824"]
[EventDate "2021.06.24"]

1. e4 c5 2. Nc3 Nc6 3. Bb5 g6 4. Bxc6 dxc6 5. d3 Bg7 6. Be3 b6 7. Qd2 Nf6 8. Bh6
Bxh6 9. Qxh6 Ng4 10. Qd2 e5 11. h3 Nf6 12. f4 Qe7 13. fxe5 Qxe5 14. Nf3 Qg3+ 15.
Kf1 Nh5 16. Ne2 Qc7 17. Kf2 f6 18. a4 a5 19. Rhf1 O-O 20. g4 Ng7 21. Kg2 Ne6 22.
Rf2 b5 23. b3 Bb7 24. Qc3 b4 25. Qb2 c4 26. bxc4 c5 27. Nd2 f5 28. gxf5 Rxf5 29.
Nf3 Rh5 30. Qf6 Qd6 31. Raf1 Rf8 32. Qa1 Bc8 33. Nfg1 Bd7 34. Rxf8+ Nxf8 35. Nf4
Rh4 36. Nd5 1-0

[Event "TCh-FRA Top 12 2021"]
[Site "Chalons en Champagne FRA"]
[Date "2021.06.27"]
[Round "4.5"]
[Board "4"]
[White "Fantinel, Thibault"]
[Black "Moussard, Jules"]
[Result "0-1"]
[WhiteTitle "IM"]
[BlackTitle "GM"]
[WhiteElo "2380"]
[BlackElo "2635"]
[WhiteTeam "Echiquier Agenais"]
[BlackTeam "Asnieres Le Grand Echiquier"]
[WhiteFideId "663395"]
[BlackFideId "642908"]
[EventDate "2021.06.24"]

1. e4 c5 2. Nf3 e6 3. Nc3 a6 4. g3 Nc6 5. Bg2 d6 6. d4 cxd4 7. Nxd4 Bd7 8. O-O
Nf6 9. a4 Be7 10. Nb3 Qc7 11. a5 Ne5 12. Qe2 Nc4 13. f4 O-O 14. g4 Rfc8 15. g5
Ne8 16. Rf3 b6 17. Rh3 g6 18. f5 bxa5 19. Qe1 Ne5 20. Qh4 h5 21. f6 Bd8 22. Nxa5
d5 23. Nb3 Ng4 24. Bf3 Qa7+ 25. Kg2 e5 26. exd5 Nd6 27. Qe1 Bb6 28. Be2 a5 29.
Rf3 e4 30. Rf1 e3 31. Bd3 Nf2 32. Rxf2 exf2 33. Qe5 Nf5 34. Bd2 a4 35. Nxa4 Bxa4
36. Bxf5 Bb5 37. Bd3 Bxd3 38. cxd3 Qxa1 39. Nxa1 Rxa1 0-1

[Event "TCh-FRA Top 12 2021"]
[Site "Chalons en Champagne FRA"]
[Date "2021.06.27"]
[Round "4.5"]
[Board "5"]
[White "Degraeve, Jean-Marc"]
[Black "Domenech, Vianney"]
[Result "1-0"]
[WhiteTitle "GM"]
[WhiteElo "2527"]
[BlackElo "2265"]
[WhiteTeam "Asnieres Le Grand Echiquier"]
[BlackTeam "Echiquier Agenais"]
[WhiteFideId "600270"]
[BlackFideId "656089"]
[EventDate "2021.06.24"]

1. e4 Nc6 2. Nf3 d6 3. d4 Nf6 4. Nc3 g6 5. h3 Bg7 6. d5 Nb8 7. Bc4 O-O 8. O-O e5
9. dxe6 Bxe6 10. Bxe6 fxe6 11. e5 dxe5 12. Qxd8 Rxd8 13. Bg5 Nbd7 14. Rfe1 h6
15. Bxf6 Bxf6 16. Ne4 Bg7 17. Kf1 Kf7 18. Re3 Nb6 19. g3 Nd5 20. Rd3 Nb6 21. Rb3
a5 22. a4 Rab8 23. Ke2 Nd5 24. Rd1 b6 25. Rbd3 Ke8 26. c3 Ne7 27. Rxd8+ Rxd8 28.
Rxd8+ Kxd8 29. Kd3 Kd7 30. Ned2 Nf5 31. Nc4 e4+ 32. Kxe4 Nd6+ 33. Kd3 Nxc4 34.
Kxc4 Kc6 35. b4 axb4 36. cxb4 g5 37. Nd4+ Kd6 38. a5 bxa5 39. bxa5 e5 40. Nf5+ 1-0

[Event "TCh-FRA Top 12 2021"]
[Site "Chalons en Champagne FRA"]
[Date "2021.06.27"]
[Round "4.5"]
[Board "6"]
[White "Louis, Thibault"]
[Black "Gozzoli, Yannick"]
[Result "0-1"]
[WhiteTitle "FM"]
[BlackTitle "GM"]
[WhiteElo "2269"]
[BlackElo "2600"]
[WhiteTeam "Echiquier Agenais"]
[BlackTeam "Asnieres Le Grand Echiquier"]
[WhiteFideId "681369"]
[BlackFideId "616915"]
[EventDate "2021.06.24"]

1. e4 c5 2. Nf3 e6 3. Nc3 d6 4. d4 cxd4 5. Nxd4 Nc6 6. g3 Nf6 7. Bg2 Bd7 8. O-O
Be7 9. h3 O-O 10. g4 Nxd4 11. Qxd4 Bc6 12. Be3 Qc7 13. a4 Rfc8 14. Nb5 Bxb5 15.
axb5 e5 16. Qd3 Qxc2 17. Qxc2 Rxc2 18. Rfc1 Rxc1+ 19. Rxc1 Bd8 20. Bxa7 b6 21.
Ra1 Kf8 22. g5 Nh5 23. Bf3 Nf4 24. Bg4 Ke8 25. Ra3 Ne6 26. h4 Nd4 27. Bd1 Kf8
28. Ra6 Nxb5 29. Ba4 Nc7 30. Bc6 Nxa6 31. Bxa8 Ke7 32. Bc6 Bc7 33. Kf1 Nb4 34.
Bb5 Kd8 35. Ke2 Kc8 36. Kd2 Kb7 37. Kc3 Nc6 0-1

[Event "TCh-FRA Top 12 2021"]
[Site "Chalons en Champagne FRA"]
[Date "2021.06.27"]
[Round "4.5"]
[Board "7"]
[White "Cornette, Matthieu"]
[Black "Roubert, Emile"]
[Result "1-0"]
[WhiteTitle "GM"]
[WhiteElo "2566"]
[BlackElo "2067"]
[WhiteTeam "Asnieres Le Grand Echiquier"]
[BlackTeam "Echiquier Agenais"]
[WhiteFideId "620084"]
[BlackFideId "680311"]
[EventDate "2021.06.24"]

1. e4 e5 2. Nf3 Nc6 3. Nc3 Nf6 4. Bb5 Bb4 5. O-O O-O 6. Bxc6 dxc6 7. d3 Bxc3 8.
bxc3 Re8 9. h3 Qd6 10. Nh2 Nd7 11. Kh1 Nf8 12. f4 exf4 13. Bxf4 Qe7 14. Qh5 Ng6
15. Bg3 Be6 16. Nf3 f6 17. Nd4 Rac8 18. Qa5 a6 19. Nxe6 Qxe6 20. Bxc7 Re7 21.
Bg3 Ne5 22. c4 c5 23. Rab1 Rd7 24. Rb6 Qe7 25. Qa3 Nc6 26. Bf2 Nd4 27. Qb2 Ne6
28. Bg3 Rf8 29. Rf5 Nd4 30. Rd5 f5 31. Rxd7 Qxd7 32. Rxb7 Qc6 33. Be5 Rf7 34.
Rxf7 Kxf7 35. Bxd4 1-0

[Event "TCh-FRA Top 12 2021"]
[Site "Chalons en Champagne FRA"]
[Date "2021.06.27"]
[Round "4.5"]
[Board "8"]
[White "Bourgoin, Cecile"]
[Black "Guichard, Pauline"]
[Result "0-1"]
[BlackTitle "IM"]
[WhiteElo "1688"]
[BlackElo "2413"]
[WhiteTeam "Echiquier Agenais"]
[BlackTeam "Asnieres Le Grand Echiquier"]
[WhiteFideId "603147"]
[BlackFideId "639370"]
[EventDate "2021.06.24"]

1. d4 Nf6 2. Nf3 g6 3. Bf4 Bg7 4. e3 d6 5. h3 c5 6. c3 Nbd7 7. Be2 b6 8. Nbd2
Bb7 9. Qc2 O-O 10. O-O Qc7 11. Rac1 Rac8 12. Qb1 Rfe8 13. e4 e5 14. dxe5 dxe5
15. Bh2 Nh5 16. Bc4 Nf4 17. Ng5 Re7 18. g3 Ne6 19. Nxe6 fxe6 20. Nf3 Qc6 21.
Rcd1 b5 22. Bb3 Rf8 23. Nd2 c4 24. Bc2 Ref7 25. Kg2 Nc5 26. f3 Bh6 27. Bg1 Rd7
28. Bxc5 Qxc5 29. Nb3 Rxd1 30. Nxc5 Rxb1 31. Bxb1 Bc8 32. Rd1 Be3 33. Nd7 Bxd7
34. Rxd7 Bc1 35. b3 a5 36. bxc4 bxc4 37. Rd1 Ba3 38. Kf2 Rb8 39. Kf1 Rb2 40. f4
Kg7 41. fxe5 Kh6 42. Rc1 Rh2 43. Kg1 Rd2 44. Rf1 Kg5 45. Re1 h5 46. Kf1 Rb2 47.
Rc1 Rh2 48. Kg1 Rd2 49. Re1 h4 50. g4 Kf4 51. Kf1 Kf3 52. Kg1 Bc5+ 53. Kh1 Kg3 0-1

[Event "TCh-FRA Top 12 2021"]
[Site "Chalons en Champagne FRA"]
[Date "2021.06.27"]
[Round "4.6"]
[Board "1"]
[White "Duboue, Peio"]
[Black "Bluebaum, Matthias"]
[Result "0-1"]
[WhiteTitle "FM"]
[BlackTitle "GM"]
[WhiteElo "2412"]
[BlackElo "2669"]
[WhiteTeam "Echiquier de l'Erdre"]
[BlackTeam "Philidor Mulhouse"]
[WhiteFideId "654833"]
[BlackFideId "24651516"]
[EventDate "2021.06.24"]

1. e4 c6 2. d4 d5 3. Nd2 dxe4 4. Nxe4 Nf6 5. Nxf6+ exf6 6. c3 Bd6 7. Bd3 O-O 8.
Qc2 Re8+ 9. Ne2 h5 10. O-O h4 11. h3 Nd7 12. Be3 Nf8 13. Rad1 Bd7 14. c4 Rc8 15.
Qd2 Bb8 16. Bf4 Ne6 17. Bxb8 Rxb8 18. Nc3 Nxd4 19. Bh7+ Kxh7 20. Qxd4 Re7 21.
Qxa7 b6 22. Qa3 g6 23. Rd4 Kg7 24. Rxh4 Bf5 25. Rf4 Rbb7 26. b3 Rbd7 27. Qc1 Rd2
28. Nd5 Ree2 29. Ne3 Bc8 30. c5 Qe7 31. Rd1 Qxe3 32. fxe3 Rxg2+ 33. Kf1 Ba6+ 34.
Rc4 Rdf2+ 35. Ke1 Rxa2 36. Kf1 Rh2 37. Kg1 Rag2+ 38. Kf1 Rc2 39. Qxc2 Rxc2 40.
cxb6 Rb2 41. Kg1 Bxc4 42. bxc4 Rxb6 43. Rd6 Rb2 44. Kf1 c5 45. Rd5 Rh2 46. Rxc5
Rxh3 47. Ke2 f5 48. Rc8 Kf6 49. Re8 f4 50. exf4 Kf5 51. Rf8 f6 52. Kd2 Rf3 53.
c5 Rxf4 54. c6 Rc4 55. Rc8 g5 56. Kd3 0-1

[Event "TCh-FRA Top 12 2021"]
[Site "Chalons en Champagne FRA"]
[Date "2021.06.27"]
[Round "4.6"]
[Board "2"]
[White "Gajewski, Grzegorz"]
[Black "Eugene, Floryan"]
[Result "1-0"]
[WhiteTitle "GM"]
[BlackTitle "FM"]
[WhiteElo "2603"]
[BlackElo "2343"]
[WhiteTeam "Philidor Mulhouse"]
[BlackTeam "Echiquier de l'Erdre"]
[WhiteFideId "1116207"]
[BlackFideId "20694784"]
[EventDate "2021.06.24"]

1. d4 Nf6 2. c4 e6 3. Nc3 d5 4. cxd5 exd5 5. Bg5 c6 6. e3 Nbd7 7. Bd3 Be7 8.
Nge2 h6 9. Bh4 Nh5 10. Bxe7 Qxe7 11. g4 Nhf6 12. Ng3 g6 13. h3 Nb6 14. Qc2 Be6
15. O-O-O O-O-O 16. f3 Kb8 17. Kb1 Rc8 18. Qh2 Ka8 19. Nge2 h5 20. g5 Nfd7 21.
h4 Rhd8 22. Rhe1 c5 23. Nf4 Nf8 24. dxc5 Qxc5 25. Nb5 Nc4 26. Bxc4 dxc4 27. Rxd8
Rxd8 28. Nd4 Rc8 29. Rc1 Bf5+ 30. Ka1 Nd7 31. Qd2 Nb6 32. Nde2 Qc7 33. Rd1 Bd7
34. Qd6 Kb8 35. Nc3 Bc6 36. e4 Re8 37. Kb1 Qxd6 38. Rxd6 Kc7 39. Rf6 Re7 40. a4
a5 41. Nb5+ Bxb5 42. axb5 Rd7 43. e5 Nd5 44. Nxd5+ Rxd5 45. Rxf7+ Kb6 46. e6 Re5
47. e7 Kxb5 48. f4 Re1+ 49. Kc2 Kc6 50. f5 Kd7 51. f6 1-0

[Event "TCh-FRA Top 12 2021"]
[Site "Chalons en Champagne FRA"]
[Date "2021.06.27"]
[Round "4.6"]
[Board "3"]
[White "Hutois, Mickael"]
[Black "Istratescu, Andrei"]
[Result "1/2-1/2"]
[WhiteTitle "FM"]
[BlackTitle "GM"]
[WhiteElo "2261"]
[BlackElo "2553"]
[WhiteTeam "Echiquier de l'Erdre"]
[BlackTeam "Philidor Mulhouse"]
[WhiteFideId "652091"]
[BlackFideId "1200372"]
[EventDate "2021.06.24"]

1. e4 c5 2. Nf3 Nc6 3. d4 cxd4 4. Nxd4 Nf6 5. Nc3 d6 6. f3 e5 7. Nb3 Be7 8. Be3
O-O 9. Be2 Be6 10. O-O a5 1/2-1/2